| 000 | 02197cam a22005175a 4500 | ||
|---|---|---|---|
| 003 | EG-ScBUE | ||
| 005 | 20220629113322.0 | ||
| 006 | m||||fq||h 00| 0 | ||
| 008 | 170103t2011 maua f 000 0 eng d | ||
| 020 | _a9781424068173 (Intro : student book) | ||
| 020 | _a1424068177 (Intro : student book) | ||
| 020 | _a9781424065790 (Intro : CD with book) | ||
| 020 | _a1424065798 (Intro : CD with book) | ||
| 020 | _a9781424068180 (level 1: student book) | ||
| 020 | _a1424068185 (level 1 : student book) | ||
| 020 | _a9781424065806 (level 1 : CD with book) | ||
| 020 | _a1424065801 (level 1 : CD with book) | ||
| 020 | _a9781424068197 (level 2 : student book) | ||
| 020 | _a1424068193 (level 2 : student book) | ||
| 020 | _a9781424065943 (level 2 : CD with book) | ||
| 020 | _a1424065941 (level 2 : CD with book) | ||
| 040 |
_aEG-ScBUE _beng _erda _cEG-ScBUE _dEG-ScBUE |
||
| 082 | 0 | 4 |
_a428.34 _bSTE _222 |
| 100 | 1 |
_aStempleski, Susan, _eauthor. _941825 |
|
| 245 | 1 | 0 |
_aWorld link : _bdeveloping English fluency / _cSusan Stempleski, Nancy Douglas, James R. Morgan. |
| 250 | _aSecond edition. | ||
| 264 | 1 |
_aBoston, MA : _bNational Geographic Learning, _c[2011] |
|
| 264 | 4 | _cc2011 | |
| 300 |
_a3 volumes : _bcolor illustrations ; _c28 cm + _e1 CD |
||
| 336 |
_2rdacontent _atext _btxt |
||
| 336 |
_2rdacontent _asounds _bsnd |
||
| 337 |
_2rdamedia _aunmediated _bn |
||
| 337 |
_2rdamedia _aaudio _bs |
||
| 338 |
_2rdacarrier _avolume _bnc |
||
| 338 |
_2rdacarrier _acomputer disc _bcd |
||
| 505 | 0 | _aVolume 1. Intro : Beginner (A1) -- Volume 2. High beginner (A1-A2) -- Volume 3. Low intermediate (B1). | |
| 520 | _aSuitable for young adult/adult learners of English from the false beginner to high intermediate level, this title intends to reflect modern teaching methods and user feedback. Combining vocabulary. | ||
| 650 | 7 |
_aEnglish language _vTextbooks for foreign speakers. _2BUEsh |
|
| 650 | 7 |
_aEnglish language _xGrammar _vProblems, exercises, etc. _2BUEsh |
|
| 651 | _2BUEsh | ||
| 653 |
_bHHUUEENN _cOctober2018 |
||
| 655 |
_vReading book _934232 |
||
| 700 | 1 |
_aDouglas, Nancy, _eauthor. _935961 |
|
| 700 | 1 |
_aMorgan, James R., _eauthor. _936022 |
|
| 942 |
_2ddc _cBB |
||
| 999 |
_c23816 _d23788 |
||